000 00295pam a2200133 a 4500
020 _c
041 _h
082 _a658
_bBON
100 _aBono, E.D.
245 _aAtlas Of Management Thinking
_hTextual Documents
260 _aPune
_bPenguin Books Limited
300 _a200/PB
930 _a6356
999 _c113184
_d113184